LDR 01298nam a2200277 4500 001 000000367486 003 CaOOAMICUS 005 20260428103623.0 008 260428s2001 gw 000 u mul r 020 $a3-7752-5469-2 040 $aSeMil$bita 245 00$aZweiter teil /$cnach vorarbeiten von Carlrichard Brühl ; herausgegeben von Theo Kölzer ; unter mitwirkung von Martina Hartmann und Andrea Stieldorf. 264 1$aHannover :$bHahnsche Buchhandlung,$c2001. 300 $aP. 490-965, [4] carte di tav. ;$c30 cm 700 1 $aBrühl, Carlrichard.$0(OLS)http://semarc/name/124259 700 1 $aKölzer, Theo.$0(OLS)http://semarc/name/2927 700 1 $aHartmann, Martina.$0(OLS)http://semarc/name/124260 700 1 $aStieldorf, Andrea.$0(OLS)http://semarc/name/124261 773 0 $tDiplomata Regum Francorum e stirpe Merovingica.$dHannover : Hahnsche Buchhandlung, 2001.$w()367484 850 $aSeMil 852 $aSeMil$W1$xVenegono$y1$mSL1.J II 12$j271093$B258181$CSeMilBibl$Z2$F258181 $8I 961 $aRimoldi mons. Antonio - Omaggio 996 $6020$a3-7752-5469-2$9(OLS)http://semarc/number/305769 996 $6245$aZweiter teil$9(OLS)http://semarc/title/459433 996 $6264$aHannover :$bHahnsche Buchhandlung$9(OLS)http://semarc/publisher/32294